<?xml version="1.0" encoding="UTF-8"?>
<record
    xmlns:xsi="http://www.w3.org/2001/XMLSchema-instance"
    xsi:schemaLocation="http://www.loc.gov/MARC21/slim http://www.loc.gov/standards/marcxml/schema/MARC21slim.xsd"
    xmlns="http://www.loc.gov/MARC21/slim">

  <leader>00762nam a22002537a 4500</leader>
  <controlfield tag="001">2939</controlfield>
  <controlfield tag="003">HMS</controlfield>
  <controlfield tag="005">20251106152049.0</controlfield>
  <controlfield tag="008">251106e2007    cl a|||frnt|| 001 0 spa  </controlfield>
  <datafield tag="020" ind1=" " ind2=" ">
    <subfield code="a">9789500607940</subfield>
  </datafield>
  <datafield tag="040" ind1=" " ind2=" ">
    <subfield code="a">hms</subfield>
    <subfield code="b">spa</subfield>
    <subfield code="c">hms</subfield>
  </datafield>
  <datafield tag="050" ind1="0" ind2="4">
    <subfield code="a">WS340 F311</subfield>
  </datafield>
  <datafield tag="100" ind1="1" ind2=" ">
    <subfield code="a">Fejerman, Natalio</subfield>
    <subfield code="9">4701</subfield>
  </datafield>
  <datafield tag="245" ind1="1" ind2="0">
    <subfield code="a">Neurolog&#xED;a pedi&#xE1;trica / </subfield>
    <subfield code="c">Natalio Fejerman, Emilio Fern&#xE1;ndez &#xC1;lvarez.</subfield>
    <subfield code="h">[libro]</subfield>
  </datafield>
  <datafield tag="250" ind1=" " ind2=" ">
    <subfield code="a">3&#xAA; edici&#xF3;n </subfield>
  </datafield>
  <datafield tag="260" ind1=" " ind2=" ">
    <subfield code="a">Buenos aires : </subfield>
    <subfield code="b">Panamericana,</subfield>
    <subfield code="c">2010</subfield>
  </datafield>
  <datafield tag="300" ind1=" " ind2=" ">
    <subfield code="a">xvi, 1104 p&#xE1;ginas :</subfield>
    <subfield code="b">ilustraciones ;</subfield>
    <subfield code="c">28 cm.</subfield>
  </datafield>
  <datafield tag="500" ind1=" " ind2=" ">
    <subfield code="a">Incluye &#xED;ndice</subfield>
  </datafield>
  <datafield tag="504" ind1=" " ind2=" ">
    <subfield code="a">Incluye bibliograf&#xED;a </subfield>
  </datafield>
  <datafield tag="650" ind1=" " ind2="7">
    <subfield code="a">Neurolog&#xED;a</subfield>
    <subfield code="9">4702</subfield>
  </datafield>
  <datafield tag="650" ind1=" " ind2="7">
    <subfield code="a">Pediatr&#xED;a</subfield>
    <subfield code="9">4703</subfield>
  </datafield>
  <datafield tag="700" ind1="1" ind2=" ">
    <subfield code="a">Fern&#xE1;ndez &#xC1;lvarez, Emilio.</subfield>
    <subfield code="9">4704</subfield>
  </datafield>
  <datafield tag="942" ind1=" " ind2=" ">
    <subfield code="2">lcc</subfield>
    <subfield code="c">COL. RES.</subfield>
    <subfield code="n">0</subfield>
  </datafield>
  <datafield tag="999" ind1=" " ind2=" ">
    <subfield code="c">2939</subfield>
    <subfield code="d">2939</subfield>
  </datafield>
  <datafield tag="952" ind1=" " ind2=" ">
    <subfield code="0">0</subfield>
    <subfield code="1">0</subfield>
    <subfield code="2">lcc</subfield>
    <subfield code="4">0</subfield>
    <subfield code="7">0</subfield>
    <subfield code="8">Col. Res.</subfield>
    <subfield code="a">BHMS</subfield>
    <subfield code="b">BHMS</subfield>
    <subfield code="c">Full Space</subfield>
    <subfield code="d">2025-11-06</subfield>
    <subfield code="i">000134</subfield>
    <subfield code="l">0</subfield>
    <subfield code="o">WS340  F311 3&#xAA;ed 2007</subfield>
    <subfield code="p">000134</subfield>
    <subfield code="r">2025-11-06 10:21:00</subfield>
    <subfield code="t">c.1</subfield>
    <subfield code="w">2025-11-06</subfield>
    <subfield code="y">COL. RES.</subfield>
  </datafield>
</record>
